Agricultural economics in India: a bibliography (Record no. 487418)

000 -LEADER
fixed length control field 00475cam a22001217a 4500
008 - FIXED-LENGTH DATA ELEMENTS--GENERAL INFORMATION
fixed length control field 180718b1961 xxu||||| |||| 00| 0 eng d
082 ## - DEWEY DECIMAL CLASSIFICATION NUMBER
Classification number A2:Z4
245 ## - TITLE STATEMENT
Title Agricultural economics in India: a bibliography
Statement of responsibility, etc. by Directorate of Economics and Statistics, Ministry of Food and Agriculture
250 ## - EDITION STATEMENT
Edition statement 2nd ed.
260 ## - PUBLICATION, DISTRIBUTION, ETC.
Place of publication, distribution, etc. Delhi
Name of publisher, distributor, etc. The Manager of Publications.
Date of publication, distribution, etc. 1961
300 ## - PHYSICAL DESCRIPTION
Extent 342+p.
700 ## - ADDED ENTRY--PERSONAL NAME
Personal name India. Ministry of Food and Agriculture, Directorate of Economics and Statistics
Holdings
Withdrawn status Lost status Damaged status Not for loan Permanent Location Current Location Date acquired Full call number Barcode Date last seen Price effective from Koha item type
        Indian Institute of Public Administration Indian Institute of Public Administration 2018-08-04 A2:Z4 G5358 2018-08-04 2018-08-04 G
        Indian Institute of Public Administration Indian Institute of Public Administration 2018-08-04 A2:Z4 G1504 2018-08-04 2018-08-04 G

Powered by Koha